Biochemistry (Record no. 16652)

MARC details
000 -LEADER
fixed length control field 00558nam a22001937a 4500
003 - CONTROL NUMBER IDENTIFIER
control field BD-DhSAU
005 - DATE AND TIME OF LATEST TRANSACTION
control field 20230218150019.0
008 - FIXED-LENGTH DATA ELEMENTS--GENERAL INFORMATION
fixed length control field 221809b2020 bg | ||| |||| 001 0 ben d
020 ## - INTERNATIONAL STANDARD BOOK NUMBER
International Standard Book Number 9781464126109
040 ## - CATALOGING SOURCE
Original cataloging agency BD-DhSAU
082 ## - DEWEY DECIMAL CLASSIFICATION NUMBER
Edition number 22
Classification number 574.192
Item number B4526
100 ## - MAIN ENTRY--PERSONAL NAME
Personal name Jeremy M. Berg, John L. Tymoczko, Gergory J. Gatto, Lubert Stryer
245 ## - TITLE STATEMENT
Title Biochemistry
Medium Eighth Edition
260 ## - PUBLICATION, DISTRIBUTION, ETC. (IMPRINT)
Place of publication, distribution, etc. New Yourk;
Name of publisher, distributor, etc. W.H. Freeman & Co. ,
Date of publication, distribution, etc. 2015.
300 ## - PHYSICAL DESCRIPTION
Extent 1432 P. ;
Dimensions 28 Cm.;
590 ## - Name of Cataloguer
Name of Cataloger নাজমুল
650 ## - SUBJECT ADDED ENTRY--TOPICAL TERM
Topical term or geographic name as entry element Biochemistry
942 ## - ADDED ENTRY ELEMENTS (KOHA)
Source of classification or shelving scheme Dewey Decimal Classification
Koha item type Book
Holdings
Withdrawn status Lost status Source of classification or shelving scheme Damaged status Not for loan Collection code Home library Branch Name Date acquired Total Checkouts Full call number Barcode Date last seen Price effective from Koha item type Shelving location
    Dewey Decimal Classification   Not For Loan Reference SAU Library SAU Library 18/02/2023   574.192 B4526 44174 18/02/2023 18/02/2023 Book  
    Dewey Decimal Classification       SAU Library SAU Library 18/02/2023   574.192 B4526 44175 18/02/2023 18/02/2023 Book General Stacks
    Dewey Decimal Classification       SAU Library SAU Library 18/02/2023   574.192 B4526 44176 18/02/2023 18/02/2023 Book General Stacks
    Dewey Decimal Classification       SAU Library SAU Library 18/02/2023   574.192 B4526 44177 18/02/2023 18/02/2023 Book General Stacks
    Dewey Decimal Classification       SAU Library SAU Library 18/02/2023   574.192 B4526 44178 18/02/2023 18/02/2023 Book General Stacks
    Dewey Decimal Classification       SAU Library SAU Library 18/02/2023   574.192 B4526 44179 18/02/2023 18/02/2023 Book General Stacks
    Dewey Decimal Classification       SAU Library SAU Library 18/02/2023   574.192 B4526 44180 18/02/2023 18/02/2023 Book General Stacks
    Dewey Decimal Classification       SAU Library SAU Library 18/02/2023   574.192 B4526 44181 18/02/2023 18/02/2023 Book General Stacks
    Dewey Decimal Classification       SAU Library SAU Library 18/02/2023   574.192 B4526 44182 18/02/2023 18/02/2023 Book General Stacks
    Dewey Decimal Classification       SAU Library SAU Library 18/02/2023   574.192 B4526 44183 18/02/2023 18/02/2023 Book General Stacks